The tyre industry of western Europe (Record no. 71109)

MARC details
000 -LEADER
fixed length control field 00301nam a2200121Ia 4500
245 #4 - TITLE STATEMENT
Title The tyre industry of western Europe
260 ## - PUBLICATION, DISTRIBUTION, ETC. (IMPRINT)
Name of publisher Automotive Rubber Trends
Year of publication 1999
300 ## - PHYSICAL DESCRIPTION
Number of Pages 47-63
650 ## - SUBJECT ADDED ENTRY--TOPICAL TERM
Topical Term Europe
650 ## - SUBJECT ADDED ENTRY--TOPICAL TERM
Topical Term Tyre industry
942 ## - ADDED ENTRY ELEMENTS (KOHA)
Koha item type Journals
Holdings
Withdrawn status Lost status Damaged status Not for loan Home library Current library Shelving location Date acquired Serial Enumeration / chronology Koha item type
      Journals RRII Library RRII Library Rubber chemistry 17/12/2021 Volume Qtr, Issue 3 Journals